Équipe de France de football - Records en coupe du monde. - Statistiques

Statistiques générales
  • Ce quiz a été pris 109 fois
  • Le résultat moyen est 6 sur 16
Statistiques - réponses
Hint Réponse % Correct
Meilleur joueur de la Coupe du monde. Zinédine Zidane
97%
Meilleur gardien de but de la Coupe du monde Fabien Barthez
92%
Kylian Mbappé
56%
Meilleur buteur de la Coupe du monde Just Fontaine
53%
Kylian Mbappé
53%
Meilleur joueur du Championnat d'Europe Zinédine Zidane
41%
Meilleur espoir de la Coupe du monde Paul Pogba
40%
Antoine Griezmann
38%
Antoine Griezmann
30%
Michel Platini
30%
Thierry Henry
20%
Thierry Henry
19%
Meilleur joueur de la Coupe des confédérations Robert Pirès
9%
Meilleur buteur de la Coupe des confédérations Robert Pirès
6%
Manuel Amoros
1%
Meilleur buteur du Championnat d'Europe François Heutte
0%
Aucun quiz correspondant
Distribution des résultats
% des personnes avec chaque résultat
Percentile par nombre de réponses
Votre historique - résultats
Vous n’avez pas pris ce quiz